000 00587nam a2200193Ia 4500
003 GCL
008 140319s9999 xx 000 0 ara d
040 _aGCL /
_cGCL
082 0 4 _a810.9
_bش م
100 1 _aشوقى ضيف
245 1 0 _aالمقامة.ط6 /
_cشوقى ضيف
260 _a[S.N] :
_bدار المعارف ،
_c1987
300 _a102 ص
490 _aفنون الادب العربى الفن القصصى
_v0
650 0 4 _aالمقامات
650 0 4 _aالمقامات العربية
650 0 4 _aالادب العربى - المقامات
942 _2ddc
_cBK
999 _c31992
_d31992